000 00444nam a2200169Ia 4500
008 180207s9999 xx 000 0 und d
020 _a15202212
050 _bA827 2001
100 _aAshman, Linda.
245 _aCastles, caves, and honeycombs /
245 _cLinda Ashman ; illustrated by Lauren Stinger.
260 _aFlorida :
260 _bHarcourt Inc.,
260 _c2001
300 _aunpaged :
300 _bcolor illustration ;
999 _c355053
_d355053